|
|
|
|
| LEADER |
00800pam a22002298a 4500 |
| 001 |
00040213 |
| 005 |
20171120141133.0 |
| 008 |
170516s2006 ||||||Viesd |
| 020 |
# |
# |
|a 978 604 57 2750 8
|c 30000
|
| 041 |
0 |
# |
|a Vie
|
| 082 |
1 |
# |
|a 915.975 04
|b D500L
|
| 100 |
0 |
# |
|a Vũ, Đình Hòa
|e chủ biên
|
| 245 |
0 |
0 |
|a Du lịch Việt Nam
|c Vũ Đình Hòa(chủ biên)
|b Nam Trung bộ
|n T.4
|p Nam Trung Bộ
|
| 260 |
# |
# |
|a Hà Nội
|b Chính trị quốc gia Sự thật
|c 2017
|
| 300 |
# |
# |
|a 108 tr.
|c 21 cm.
|
| 653 |
# |
# |
|a Du lịch
|
| 653 |
# |
# |
|a Miền Núi
|
| 653 |
# |
# |
|a Nam trung bộ
|
| 653 |
# |
# |
|a Việt Nam
|
| 852 |
# |
# |
|j KD.0022476
|j KM.0023492
|j KM.0023493
|
| 910 |
|
|
|d 16/11/2017
|
| 980 |
# |
# |
|a Trung tâm Học liệu Lê Vũ Hùng, Trường Đại học Đồng Tháp
|